Statistics for MLB: Gold Gloves-Second Base

Click here to take the quiz!

General Stats

  • This quiz has been taken 76 times
  • The average score is 13 of 47

Answer Stats

YearLeaguePlayer% Correct
1977, 1976, 1975, 1974, 1973NLJoe Morgan
69%
2001, 2000, 1999, 1998, 1996, 1995, 1994, 1993, 1992, 1991ALRoberto Alomar
67%
1991, 1990, 1989, 1988, 1987, 1986, 1985, 1984, 1983NLRyne Sandberg
62%
2014, 2013, 2011ALDustin Pedroia
60%
2012, 2010, 2008ALRobinson Cano
60%
1971, 1970, 1969ALDavey Johnson
51%
2015ALJose Altuve
51%
1987, 1986, 1982, 1981, 1980, 1979, 1978, 1977ALFrank White
49%
1997, 1996, 1995, 1994NLCraig Biggio
47%
1997ALChuck Knoblauch
44%
1976, 1975, 1974, 1973ALBobby Grich
42%
1985, 1984, 1983ALLou Whitaker
42%
1967, 1966, 1965, 1964, 1963, 1961, 1960, 1958NLBill Mazeroski
36%
1978NLDavey Lopes
33%
2013, 2011, 2010, 2008NLBrandon Phillips
31%
1982, 1981, 1979NLManny Trillo
31%
2004, 2003, 2002, 1998ALBret Boone
29%
2018, 2017, 2014NLDJ Lemahieu
29%
1965, 1964, 1963, 1962, 1961ALBobby Richardson
27%
2020ALCesar Hernandez
27%
2018, 2016ALIan Kinsler
27%
1968NLGlenn Beckert
24%
2020, 2019NLKolten Wong
24%
1992NLJose Lind
22%
2005, 2004. 2003NLLuis Castillo
22%
1990, 1989, 1988ALHarold Reynolds
20%
1960, 1959, 1957ALNellie Fox
20%
2005ALOrlando Hudson
20%
2009, 2007, 2006NLOrlando Hudson
20%
1993NLRobby Thompson
20%
2017ALBrian Dozier
18%
2015NLDee Gordon
18%
1971, 1970NLTommy Helms
18%
1968, 1967, 1966ALBobby Knoop
16%
2019ALYolmer Sanchez
16%
2016NLJoe Panik
13%
2006ALMark Grudzielanek
13%
2009, 2007ALPlacido Polanco
13%
2000, 1999NLPokey Reese
13%
1972, 1969NLFelix Millan
11%
2002, 2001NLFernando Vina
11%
1959NLCharlie Neal
9%
1980NLDoug Flynn
9%
1972ALDoug Griffin
9%
2012NLDarwin Barney
7%
1962NLKen Hubbs
7%
1958ALFrank Bolling
4%

Score Distribution

Percentile by Number Answered

Percent of People with Each Score

Your Score History

You have not taken this quiz